Normal view
MARC view
- Akbar Muhammad Awais
Entry Personal Name
001 - CONTROL NUMBER
- control field: 131635
003 - CONTROL NUMBER IDENTIFIER
- control field: NUST
005 - DATE AND TIME OF LATEST TRANSACTION
- control field: 20251029162611.0
008 - FIXED-LENGTH DATA ELEMENTS
- fixed length control field: 251029|| aca||aabn | a|a d
040 ## - CATALOGING SOURCE
- Original cataloging agency: NUST
- Transcribing agency: NUST
100 ## - HEADING--PERSONAL NAME
- Personal name: Akbar Muhammad Awais
670 ## - SOURCE DATA FOUND
- Source citation: Work cat.: (NUST): Akbar Muhammad Awais , Integrated-decision support system (DSS) for risk identification and mitigation in manufacturing industry for zero-defect manufacturing (ZDM)/
